[Event "40th World Junior Girls"]
[Site "Gandhinagar IND"]
[Date "2024.06.09"]
[Round "7.2"]
[White "Norman, Kseniya"]
[Black "Abdinova, Narmin"]
[Result "1/2-1/2"]
[WhiteElo "2134"]
[BlackElo "2121"]
[WhiteFideId "13518780"]
[BlackFideId "13425340"]
[EventDate "2024.06.02"]

1. e4 e5 2. Nf3 Nc6 3. Bb5 a6 4. Ba4 Nf6 5. O-O b5 6. Bb3 Bb7 7. Re1 Bc5 8. c3
d6 9. d4 Bb6 10. Be3 h6 11. Nbd2 exd4 12. cxd4 O-O 13. d5 Nb4 14. Bxb6 cxb6 15.
Qe2 Re8 16. Qf1 a5 17. Nd4 Na6 18. Nxb5 Nc5 19. f3 Nxb3 20. Nxb3 Ba6 21. N3d4
Nd7 22. Qf2 Ne5 23. Rad1 a4 24. f4 Ng6 25. Rc1 Bxb5 26. Nxb5 Ra5 27. Nc7 Re7 28.
Qxb6 Rc5 29. Rxc5 dxc5 30. d6 Rd7 31. Rd1 Nxf4 32. Nd5 Nxd5 33. Qxd8+ Rxd8 34.
Rxd5 f6 35. Kf2 Kf7 36. Ke3 Ke6 37. Rxc5 Rxd6 38. Ra5 Rb6 39. Rxa4 Rxb2 40. Kf3
Rc2 41. Ra6+ Ke5 42. Ra5+ Ke6 43. a4 Rc3+ 44. Kg4 Rc2 45. Kf3 Rc3+ 46. Ke2 Rc2+
47. Kf3 Rc3+ 1/2-1/2

[Event "40th World Junior Girls"]
[Site "Gandhinagar IND"]
[Date "2024.06.09"]
[Round "7.3"]
[White "Kaldarova, Ayaulym"]
[Black "Wikar, Martyna"]
[Result "1-0"]
[WhiteTitle "WFM"]
[BlackTitle "WIM"]
[WhiteElo "2100"]
[BlackElo "2272"]
[WhiteFideId "13720503"]
[BlackFideId "21807663"]
[EventDate "2024.06.02"]

1. Nf3 Nf6 2. c4 g6 3. g3 b6 4. Bg2 Bb7 5. O-O Bg7 6. Nc3 O-O 7. Re1 e6 8. e4 d5
9. exd5 exd5 10. Ne5 Nbd7 11. d4 c6 12. Qa4 Re8 13. Bf4 Nb8 14. Rad1 h6 15. h4
a6 16. Qb3 Bf8 17. g4 Ra7 18. g5 Nh5 19. Bc1 hxg5 20. hxg5 dxc4 21. Qxc4 Ba8 22.
Nxg6 Rxe1+ 23. Rxe1 b5 24. Qd3 Bc5 25. Qe4 Bd6 26. Qe8+ Qxe8 27. Rxe8+ Kh7 28.
Ne4 Bb4 29. Ne5 Nd7 30. Nxd7 Rxd7 31. Rxa8 Rxd4 32. Be3 Rd1+ 33. Kh2 Rb1 34.
Nf6+ Nxf6 35. gxf6 Bd6+ 36. Kh3 1-0

[Event "40th World Junior Girls"]
[Site "Gandhinagar IND"]
[Date "2024.06.09"]
[Round "7.4"]
[White "Rakshitta, Ravi"]
[Black "Allahverdiyeva, Ayan"]
[Result "1-0"]
[WhiteTitle "WGM"]
[BlackTitle "WIM"]
[WhiteElo "2271"]
[BlackElo "2133"]
[WhiteFideId "25073230"]
[BlackFideId "13412590"]
[EventDate "2024.06.02"]

1. e4 c5 2. Nf3 d6 3. Bb5+ Nd7 4. d4 cxd4 5. Qxd4 a6 6. Bxd7+ Bxd7 7. c4 Rc8 8.
Nc3 e5 9. Qd3 Qc7 10. Nd2 Nf6 11. a4 Be6 12. b3 a5 13. Nb5 Qb8 14. Ba3 Rc6 15.
Nf1 Be7 16. Ne3 O-O 17. O-O Nd7 18. Nf5 Bxf5 19. exf5 Nf6 20. Rad1 Rd8 21. Rfe1
Rd7 22. Qf3 h6 23. h3 Bd8 24. Rd2 Bb6 25. Qd1 Qd8 26. Nxd6 Bd4 27. c5 Bxc5 28.
Bxc5 Rxc5 29. Nxb7 Rxd2 30. Nxd8 Rxd1 31. Rxd1 Rc7 32. Rd6 Ne4 33. Rc6 Rd7 34.
Rc8 Kh7 35. g4 Ng5 36. Kg2 Rd3 37. h4 Nf3 38. Nxf7 Nxh4+ 39. Kf1 g5 40. Nxe5 Rd5
41. Rc7+ Kg8 42. Nf7 h5 43. Nh6+ Kh8 44. gxh5 g4 45. f6 Rxh5 46. Nf7+ Kg8 47.
Nd8 Re5 48. Re7 Rf5 49. Rg7+ Kf8 50. Ne6+ Ke8 51. Re7# 1-0

[Event "40th World Junior Girls"]
[Site "Gandhinagar IND"]
[Date "2024.06.09"]
[Round "7.5"]
[White "Sachi Jain"]
[Black "Balabayeva, Xeniya"]
[Result "1/2-1/2"]
[WhiteTitle "WFM"]
[BlackTitle "WIM"]
[WhiteElo "2124"]
[BlackElo "2246"]
[WhiteFideId "25974050"]
[BlackFideId "13719688"]
[EventDate "2024.06.02"]

1. e4 e6 2. d4 d5 3. e5 c5 4. c3 Nc6 5. Nf3 Qb6 6. Bd3 Nh6 7. O-O cxd4 8. cxd4
Nf5 9. Bxf5 exf5 10. Nc3 Be6 11. a3 Be7 12. b4 O-O 13. Be3 Rfc8 14. Qd3 a6 15.
Rfc1 Na7 16. Nd2 a5 17. b5 a4 18. Nf1 Rc4 19. Nxd5 Bxd5 20. Rxc4 Bxc4 21. Qxc4
Qxb5 22. Qc2 Qd7 23. d5 Qxd5 24. Qxa4 b5 25. Qa6 Qc6 26. Qa5 Nc8 27. Rc1 Qd5 28.
Rd1 Qxg2+ 29. Kxg2 Rxa5 30. Rd5 h6 31. Bd2 Rxa3 32. Rxb5 Kh7 33. Rb8 Na7 34. Rb7
Nc6 35. Ne3 Bg5 36. Rxf7 Kg6 37. Rc7 Nxe5 38. Bc3 Bf6 39. Bxe5 Bxe5 40. Rc6+ Bf6
41. Nd5 Kg5 42. Nxf6 gxf6 43. Rc4 f4 44. h3 h5 45. Rc5+ f5 46. Rc4 Rd3 47. Ra4
Rc3 48. Rb4 h4 49. f3 Ra3 50. Rc4 Ra2+ 1/2-1/2

[Event "40th World Junior Girls"]
[Site "Gandhinagar IND"]
[Date "2024.06.09"]
[Round "7.6"]
[White "Hryzlova, Sofiia"]
[Black "Zhurova, Anna"]
[Result "1/2-1/2"]
[WhiteTitle "WIM"]
[BlackTitle "WFM"]
[WhiteElo "2246"]
[BlackElo "2239"]
[WhiteFideId "14174669"]
[BlackFideId "54113075"]
[EventDate "2024.06.02"]

1. d4 Nf6 2. c4 e6 3. Nf3 d5 4. g3 dxc4 5. Bg2 a6 6. a4 Nc6 7. O-O Rb8 8. a5 b5
9. axb6 cxb6 10. Nc3 b5 11. Bf4 Bd6 12. Ne5 Ne7 13. e4 O-O 14. Nxf7 Rxf7 15.
Bxd6 Qxd6 16. e5 Qd8 17. exf6 gxf6 18. Re1 Rb6 19. Ne4 Nf5 20. Qg4+ Kh8 21. Rad1
Rd7 22. Qh5 Ng7 23. Qf3 Bb7 24. Qxf6 Bxe4 25. Qxd8+ Rxd8 26. Rxe4 Rbd6 27. g4
Ne8 28. g5 Nc7 29. h4 a5 30. Re5 Nd5 31. Rde1 b4 32. Bxd5 Rxd5 33. Rxe6 Rxd4 34.
R1e5 Rxh4 35. Rxa5 Rc8 36. Rae5 c3 37. bxc3 bxc3 38. Re8+ Rxe8 39. Rxe8+ Kg7 40.
Rc8 1/2-1/2

[Event "40th World Junior Girls"]
[Site "Gandhinagar IND"]
[Date "2024.06.09"]
[Round "7.7"]
[White "Kashthuri, Bhai R"]
[Black "Krasteva, Beloslava"]
[Result "0-1"]
[BlackTitle "FM"]
[WhiteElo "1765"]
[BlackElo "2289"]
[WhiteFideId "25611607"]
[BlackFideId "2922029"]
[EventDate "2024.06.02"]

1. e4 c5 2. Nf3 Nf6 3. e5 Nd5 4. Nc3 e6 5. Be2 Nc6 6. O-O d6 7. Nxd5 exd5 8. Bb5
a6 9. Bxc6+ bxc6 10. Re1 Be7 11. exd6 Qxd6 12. Ne5 O-O 13. d3 Bd8 14. Bf4 Qf6
15. Bg3 Bf5 16. c3 Rc8 17. Qf3 g6 18. Qe3 Bb6 19. Qf4 Qd8 20. Bh4 f6 21. Ng4
Bxg4 22. Qxg4 Bc7 23. Re6 Qd7 24. Rae1 Rf7 25. f4 f5 26. Qf3 Bd6 27. Bg5 Bf8 28.
h4 Rb8 29. Qe2 c4 30. d4 c5 31. Bf6 a5 32. h5 Rc8 33. Bg5 Rc6 34. hxg6 hxg6 35.
Rxc6 Qxc6 36. Qe6 Qxe6 37. Rxe6 cxd4 38. cxd4 Bg7 39. Rxg6 Kh7 40. Rd6 Bxd4+ 41.
Kf1 Bxb2 42. Rxd5 c3 43. Rc5 a4 44. Ke1 Rd7 45. Bf6 Rd3 46. Rc6 a3 47. Be5 Kg8
48. Ke2 Rd2+ 49. Ke1 Rxg2 50. Bxc3 Bxc3+ 51. Rxc3 Rxa2 52. Kd1 Kf7 53. Kc1 Ra1+
54. Kc2 Ke6 55. Rd3 a2 56. Kb2 Rf1 57. Kxa2 Rxf4 58. Kb3 Rf2 59. Kc3 Ke5 60. Rd8
Ke4 61. Re8+ Kf3 62. Kd3 f4 63. Rf8 Ra2 64. Rf7 Kg3 65. Rg7+ Kf2 66. Rh7 Ra8 67.
Rf7 f3 68. Rd7 Re8 69. Kd2 Kf1 70. Rf7 f2 71. Rf6 Rd8+ 72. Ke3 Ke1 0-1

[Event "40th World Junior Girls"]
[Site "Gandhinagar IND"]
[Date "2024.06.09"]
[Round "7.8"]
[White "Grozdanovic, Anastasia"]
[Black "Agajanova, Meryem"]
[Result "0-1"]
[WhiteTitle "WFM"]
[BlackTitle "WCM"]
[WhiteElo "2108"]
[BlackElo "1955"]
[WhiteFideId "979996"]
[BlackFideId "14005930"]
[EventDate "2024.06.02"]

1. d4 d5 2. c4 e6 3. Nc3 Nf6 4. cxd5 exd5 5. Bg5 Be7 6. e3 c6 7. Bd3 O-O 8. Qc2
Nbd7 9. Nge2 Re8 10. O-O Nf8 11. Rae1 g6 12. Ng3 Ne6 13. f4 b5 14. Bxf6 Bxf6 15.
f5 Nf8 16. Qf2 Kg7 17. Nce2 Bg5 18. Nf4 Qc7 19. Nh3 Bh6 20. e4 dxe4 21. Rxe4
Rxe4 22. Bxe4 Bb7 23. fxg6 hxg6 24. Nh5+ Kg8 25. Nf6+ Kg7 26. Ng4 Qe7 27. Nxh6
Kxh6 28. Qxf7 Qxe4 29. Qxb7 Qxd4+ 30. Kh1 Rd8 31. Qxc6 Qxb2 32. Qc7 Qd4 33. Qg3
Ne6 34. Re1 Ng7 35. Nf4 Rd6 36. h3 Nf5 37. Qf3 b4 38. Kh2 Qc3 39. Qxc3 bxc3 40.
Rc1 Rc6 41. Nd5 c2 42. Nb4 Rc4 43. a3 Nd4 44. Na2 Nb3 45. Re1 c1=Q 46. Nxc1 Rxc1
47. Re7 a5 48. Rb7 Nc5 49. Rb5 a4 50. Ra5 Rc4 51. Kg3 Nd3 52. Kf3 Ne1+ 53. Kf2
Nc2 0-1

[Event "40th World Junior Girls"]
[Site "Gandhinagar IND"]
[Date "2024.06.09"]
[Round "7.9"]
[White "Sneha Halder"]
[Black "Mrittika Mallick"]
[Result "1-0"]
[WhiteElo "1958"]
[BlackElo "2076"]
[WhiteFideId "25693263"]
[BlackFideId "25902997"]
[EventDate "2024.06.02"]

1. Nf3 d5 2. b3 Nf6 3. Bb2 Bf5 4. g3 Nbd7 5. Bg2 e6 6. O-O h6 7. e3 Be7 8. d3
O-O 9. Nbd2 c6 10. h3 Qc7 11. g4 Bg6 12. Nh4 Nh7 13. Nxg6 fxg6 14. c4 Bf6 15. d4
Be7 16. Qc2 Qa5 17. Bc3 Bb4 18. Bxb4 Qxb4 19. a3 Qe7 20. Qxg6 Rae8 21. b4 Rf6
22. Qd3 g5 23. f4 Ref8 24. f5 exf5 25. cxd5 fxg4 26. hxg4 cxd5 27. Bxd5+ Kg7 28.
Bxb7 Rxf1+ 29. Rxf1 Ndf6 30. Bf3 Qc7 31. Kg2 h5 32. gxh5 g4 33. Bxg4 Kh8 34. Be6
Rd8 35. d5 Qe5 36. Qd4 Qg5+ 37. Kf2 Qxh5 38. Ke1 Qg5 39. Kd1 Qh5+ 40. Kc1 Qg6
41. Bf5 Qg7 42. Bxh7 Nxh7 43. Qxg7+ Kxg7 44. e4 Nf6 45. Kc2 Rh8 46. Kd3 Rh2 47.
Nc4 Rh3+ 48. Kd4 Rh4 49. Re1 Kf7 50. Nd6+ Kg6 51. a4 Rh2 52. Nc4 Rh4 53. b5 Nd7
54. Ne5+ Nxe5 55. Kxe5 Kf7 56. Rc1 Rh6 57. Rc7+ 1-0

[Event "40th World Junior Girls"]
[Site "Gandhinagar IND"]
[Date "2024.06.09"]
[Round "7.10"]
[White "Swara Lakshmi S Nair"]
[Black "Bhagyashree, Patil"]
[Result "1-0"]
[WhiteTitle "WCM"]
[BlackTitle "WFM"]
[WhiteElo "2051"]
[BlackElo "1929"]
[WhiteFideId "25629239"]
[BlackFideId "25053256"]
[EventDate "2024.06.02"]

1. e4 e5 2. d4 exd4 3. Qxd4 Nc6 4. Qe3 g6 5. Nc3 Bg7 6. Bd2 d6 7. O-O-O Nf6 8.
Nf3 O-O 9. h4 Re8 10. Bc4 Qe7 11. h5 Ne5 12. Nxe5 Qxe5 13. hxg6 hxg6 14. f4 Qe7
15. f5 gxf5 16. Qg3 Ng4 17. exf5 Bxf5 18. Rdf1 Qe5 19. Bxf7+ Kxf7 20. Qxg4 Ke6
21. Rxf5 1-0

[Event "40th World Junior Girls"]
[Site "Gandhinagar IND"]
[Date "2024.06.09"]
[Round "7.11"]
[White "Dakshita Kumawat"]
[Black "Striskova, Lucia"]
[Result "1/2-1/2"]
[WhiteElo "1928"]
[BlackElo "2023"]
[WhiteFideId "25944304"]
[BlackFideId "14960958"]
[EventDate "2024.06.02"]

1. d4 d5 2. c4 e6 3. Nc3 c5 4. e3 Nc6 5. Nf3 Nf6 6. a3 dxc4 7. Bxc4 a6 8. d5 Na5
9. Ba2 exd5 10. Nxd5 Nxd5 11. Bxd5 Be6 12. Bxe6 Qxd1+ 13. Kxd1 fxe6 14. Kc2 Be7
15. Bd2 Nc6 16. Bc3 Bf6 17. Nd2 Ke7 18. Rhd1 Rac8 19. Ne4 Nb4+ 20. Bxb4 cxb4+
21. Kb3 bxa3 22. Rxa3 Rc6 23. Ra4 Be5 24. Rb4 Rb8 25. Ng5 h6 26. Nf3 Bf6 27. e4
e5 28. Rd5 Ke6 29. Rc4 Rbc8 30. Rc3 Rxc3+ 31. bxc3 b5 32. Ne1 Be7 33. Nd3 Bd6
34. f3 g5 35. h3 h5 36. Kb2 g4 37. hxg4 hxg4 38. fxg4 Rg8 39. Nf2 Bb8 40. Kb3
Ba7 41. Nd3 Rxg4 42. Rxe5+ Kd6 43. Rd5+ Ke6 44. Rh5 Rxe4 45. Rh6+ Kf5 46. Rxa6
Be3 47. Ra5 Kg4 48. Rxb5 Kg3 49. Re5 Rxe5 50. Nxe5 Kxg2 51. Kc4 Bd2 52. Kd3 Bxc3
53. Kxc3 1/2-1/2

[Event "40th World Junior Girls"]
[Site "Gandhinagar IND"]
[Date "2024.06.09"]
[Round "7.12"]
[White "Gasparyan, Milena"]
[Black "Shohradova, Lala"]
[Result "0-1"]
[BlackTitle "WFM"]
[WhiteElo "1909"]
[BlackElo "2000"]
[WhiteFideId "13311670"]
[BlackFideId "14004089"]
[EventDate "2024.06.02"]

1. e4 e6 2. d4 d5 3. Nd2 c5 4. exd5 Qxd5 5. Ngf3 cxd4 6. Bc4 Qd6 7. O-O Nf6 8.
Nb3 Nc6 9. Nbxd4 Nxd4 10. Nxd4 a6 11. c3 Qc7 12. Qe2 Bd6 13. h3 O-O 14. Bg5 Bh2+
15. Kh1 Bf4 16. Bxf4 Qxf4 17. Rfe1 b5 18. Bd3 b4 19. Nb3 bxc3 20. bxc3 Bb7 21.
f3 a5 22. Nc5 Rab8 23. Nxb7 Rxb7 24. Rab1 Rfb8 25. Rxb7 Rxb7 26. Ba6 Rb6 27. Qd3
Rd6 28. Qb5 Rd5 29. Qb7 g6 30. c4 Rd2 31. Qb5 Nh5 32. c5 Qg5 33. Qb8+ Kg7 34.
Qe5+ Qxe5 35. Rxe5 Kf6 36. Re3 Rc2 37. Kg1 Rxc5 38. Re2 Nf4 39. Rd2 Nd5 40. Bb7 0-1

[Event "40th World Junior Girls"]
[Site "Gandhinagar IND"]
[Date "2024.06.09"]
[Round "7.13"]
[White "Rindhiya, V"]
[Black "Gade Sharanya"]
[Result "1-0"]
[WhiteTitle "WFM"]
[WhiteElo "1965"]
[BlackElo "1849"]
[WhiteFideId "25040529"]
[BlackFideId "25925253"]
[EventDate "2024.06.02"]

1. e4 c5 2. Nf3 Nc6 3. d4 cxd4 4. Nxd4 g6 5. c4 Nf6 6. Nc3 d6 7. Be2 Nxd4 8.
Qxd4 Bg7 9. Be3 O-O 10. Qd2 a5 11. O-O a4 12. Rac1 Qa5 13. f3 Be6 14. b3 axb3
15. axb3 Qb4 16. Nd5 Qxd2 17. Nxe7+ Kh8 18. Bxd2 Rfe8 19. Nd5 Bxd5 20. cxd5 Nxd5
21. Bb5 Bd4+ 22. Kh1 Ne3 23. Rfe1 Rec8 24. Rxc8+ Rxc8 25. Rxe3 Bxe3 26. Bxe3 Kg7
27. Kg1 f6 28. Bf4 Rc3 29. Bc4 b5 30. Bd5 h5 31. h4 Rc2 32. b4 Rb2 33. Bxd6 Rb1+
34. Kh2 g5 35. hxg5 fxg5 36. e5 h4 37. e6 Rd1 38. e7 1-0

[Event "40th World Junior Girls"]
[Site "Gandhinagar IND"]
[Date "2024.06.09"]
[Round "7.14"]
[White "Bristy, Mukherjee"]
[Black "Kanyamarala, Trisha"]
[Result "1/2-1/2"]
[WhiteTitle "WFM"]
[BlackTitle "WIM"]
[WhiteElo "1902"]
[BlackElo "2219"]
[WhiteFideId "25077325"]
[BlackFideId "45004722"]
[EventDate "2024.06.02"]

1. e4 c5 2. Nf3 d6 3. d4 cxd4 4. Nxd4 Nf6 5. Nc3 Nc6 6. Bg5 e6 7. Qd2 a6 8.
O-O-O Be7 9. Be2 Bd7 10. f3 b5 11. h4 b4 12. Nb1 Qb6 13. Nxc6 Bxc6 14. Qd4 Qxd4
15. Rxd4 d5 16. exd5 Bxd5 17. Bc4 Bc5 18. Bxd5 Nxd5 19. Rd3 O-O 20. c4 bxc3 21.
Nxc3 Nb4 22. Rd7 f6 23. Bd2 Rfd8 24. Rxd8+ Rxd8 25. Rd1 Rb8 26. a3 Nc6 27. Ne4
Bd4 28. Bc3 e5 29. Kc2 Kf7 30. b4 f5 1/2-1/2

[Event "40th World Junior Girls"]
[Site "Gandhinagar IND"]
[Date "2024.06.09"]
[Round "7.15"]
[White "Peglau, Charis"]
[Black "Arshiya Das"]
[Result "0-1"]
[WhiteTitle "WFM"]
[BlackTitle "WCM"]
[WhiteElo "2088"]
[BlackElo "1919"]
[WhiteFideId "16219996"]
[BlackFideId "25652150"]
[EventDate "2024.06.02"]

1. d4 d5 2. Nf3 Nf6 3. g3 c6 4. Bg2 Bf5 5. c4 e6 6. O-O Nbd7 7. Qb3 Qc8 8. Nc3
h6 9. Bf4 Nh5 10. Bd2 Bd6 11. Rac1 Qb8 12. Rfe1 O-O 13. e4 dxe4 14. Nxe4 Bc7 15.
Nh4 Bh7 16. Bb4 Re8 17. d5 cxd5 18. cxd5 e5 19. d6 Bb6 20. Bh3 Rd8 21. Bxd7 Rxd7
22. Qf3 Bg6 23. Nc3 Qe8 24. Qd5 Nf6 25. Qxe5 Bxf2+ 26. Kg2 Bxe1 27. Rxe1 Qc8 28.
Nxg6 fxg6 29. Ne4 Qc2+ 30. Kg1 Nxe4 31. Qxe4 Qxe4 32. Rxe4 Rc8 33. Re2 b6 34.
Ba3 Rc4 35. b3 Rc6 36. Kf2 a5 37. b4 Rcxd6 38. bxa5 Rf6+ 39. Kg2 bxa5 40. Bb2
Rfd6 41. Bc3 a4 42. a3 Rc7 43. Bb4 Rdc6 44. Kf3 Kf7 45. h4 h5 46. Re5 Rf6+ 47.
Kg2 Rc2+ 48. Kg1 Rf3 49. Rg5 Kf6 50. Bd6 Rb3 0-1

[Event "40th World Junior Girls"]
[Site "Gandhinagar IND"]
[Date "2024.06.09"]
[Round "7.16"]
[White "Ishvi, Aggarwal"]
[Black "Donghvani, Nia"]
[Result "1/2-1/2"]
[WhiteTitle "WCM"]
[WhiteElo "1928"]
[BlackElo "2070"]
[WhiteFideId "25728890"]
[BlackFideId "13614649"]
[EventDate "2024.06.02"]

1. d4 Nf6 2. c4 e6 3. g3 d5 4. Bg2 Be7 5. Nf3 O-O 6. O-O a5 7. Nc3 c6 8. Nd2 b5
9. cxb5 cxb5 10. Nxb5 Qb6 11. a4 Ba6 12. Nc4 Qd8 13. Ne5 Qb6 14. Qd3 Bd6 15. Be3
Ne8 16. Rfc1 Nc7 17. Nxc7 Bxd3 18. Nxa8 Qb7 19. Nxd3 Qxa8 20. Rc2 Qb7 21. Rac1
Qb3 22. f4 f5 23. h3 Qxa4 24. g4 fxg4 25. hxg4 Qe8 26. Ne5 Nd7 27. Rc8 Qe7 28.
Rxf8+ Nxf8 29. f5 Bxe5 30. dxe5 h6 31. Rc8 Qd7 32. Ra8 Qb7 33. Rd8 Qe7 34. Rc8
Qd7 35. Ra8 Qb7 36. Rd8 Qe7 37. Rc8 1/2-1/2

[Event "40th World Junior Girls"]
[Site "Gandhinagar IND"]
[Date "2024.06.09"]
[Round "7.17"]
[White "Tejaswini G"]
[Black "Padmini S"]
[Result "1-0"]
[WhiteTitle "WIM"]
[WhiteElo "2059"]
[BlackElo "1872"]
[WhiteFideId "25749978"]
[BlackFideId "25782738"]
[EventDate "2024.06.02"]

1. d4 d6 2. Nf3 Nd7 3. c4 e5 4. Nc3 Ngf6 5. g3 g6 6. Bg2 Bg7 7. O-O O-O 8. e4
exd4 9. Nxd4 Nc5 10. h3 Bd7 11. Be3 Re8 12. Qc2 Rc8 13. Rfe1 Ne6 14. Nb3 a6 15.
a4 h6 16. Rad1 Rb8 17. f4 Qc8 18. Kh2 b6 19. Nc1 Bc6 20. Nd3 Bb7 21. Nb4 Nc5 22.
Nbd5 Bxd5 23. cxd5 Qd7 24. b4 Nb7 25. Qd3 a5 26. b5 Nc5 27. Bxc5 dxc5 28. e5 Nh7
29. Nb1 Nf8 30. Na3 Red8 31. Qc2 Qe8 32. Nc4 Qe7 33. Qf2 h5 34. Rd2 Rbc8 35.
Red1 Rb8 36. Rd3 g5 37. Qe2 h4 38. f5 hxg3+ 39. Rxg3 Nd7 40. e6 Nf8 41. Qh5 Nh7
42. Be4 Qf6 43. Rdg1 Qd4 44. f6 Nxf6 45. Qxg5 Nxe4 46. Qxg7+ Qxg7 47. Rxg7+ Kh8
48. Ne5 Nd6 49. R7g5 f6 50. Rh5# 1-0

[Event "40th World Junior Girls"]
[Site "Gandhinagar IND"]
[Date "2024.06.09"]
[Round "7.18"]
[White "Koksa, Jelena"]
[Black "Mrudul, Dehankar"]
[Result "1/2-1/2"]
[BlackTitle "WIM"]
[WhiteElo "1842"]
[BlackElo "2028"]
[WhiteFideId "14544776"]
[BlackFideId "25096990"]
[EventDate "2024.06.02"]

1. e4 c6 2. Nf3 d5 3. Nc3 Bg4 4. h3 Bxf3 5. Qxf3 e6 6. d3 Nd7 7. Be2 Bc5 8. O-O
Ne7 9. Qg3 O-O 10. Kh1 a5 11. a4 d4 12. Nd1 b5 13. f4 f5 14. Qe1 bxa4 15. Rxa4
fxe4 16. dxe4 Bb4 17. c3 Nc5 18. Ra2 Nb3 19. cxb4 Nxc1 20. Rxa5 Qd6 21. Bc4 d3
22. Qe3 Rxa5 23. bxa5 Ne2 24. a6 g5 25. g3 Ng6 26. e5 Qd7 27. Bxd3 Qd5+ 28. Kh2
Nxg3 29. Qxg3 gxf4 30. Qf3 Qxf3 31. Rxf3 Nxe5 32. Bxh7+ Kxh7 33. Ra3 Ra8 34. Ra5
Nd3 35. Kg2 Nb4 36. a7 c5 37. Kf3 e5 38. Nc3 Nc6 39. Ra6 Nd4+ 40. Kf2 Kg7 41.
Na4 Nb5 42. Nxc5 Rxa7 43. Rxa7+ Nxa7 44. b4 Kg6 45. Kf3 Kf5 46. Kf2 Nb5 47. h4
Nd4 48. h5 Kg5 49. h6 Kxh6 50. Nd3 Kg5 51. Nxe5 Kf5 52. Nd3 Ke4 53. Nxf4 Kxf4 1/2-1/2

[Event "40th World Junior Girls"]
[Site "Gandhinagar IND"]
[Date "2024.06.09"]
[Round "7.19"]
[White "Anupam, M Sreekumar"]
[Black "Cassi, Elisa"]
[Result "1-0"]
[WhiteTitle "WCM"]
[BlackTitle "WFM"]
[WhiteElo "1872"]
[BlackElo "2028"]
[WhiteFideId "45033501"]
[BlackFideId "2817220"]
[EventDate "2024.06.02"]

1. e4 e5 2. Nf3 Nc6 3. Nc3 Nf6 4. Bb5 Nd4 5. O-O Bc5 6. Nxe5 O-O 7. Nd3 Nxb5 8.
Nxb5 Nxe4 9. Nxc5 Nxc5 10. d4 Ne4 11. f3 Nf6 12. Bg5 d5 13. Bxf6 gxf6 14. Qe1
Kh8 15. Qg3 Bf5 16. Qxc7 Rc8 17. Qxd8 Rfxd8 18. Nxa7 Rxc2 19. Rf2 Rxf2 20. Kxf2
Bd7 21. Rc1 Rb8 22. Rc7 Be6 23. Nb5 Kg7 24. g4 f5 25. gxf5 Bxf5 26. Nd6 Be6 27.
Rxb7 Ra8 28. a3 Rd8 29. Rb6 Kf8 30. a4 Ra8 31. b3 Ke7 32. Nb7 Kd7 33. Nc5+ Kc7
34. Rb7+ Kc6 35. b4 h6 36. a5 1-0

[Event "40th World Junior Girls"]
[Site "Gandhinagar IND"]
[Date "2024.06.09"]
[Round "7.20"]
[White "Jain Ashita"]
[Black "Kheerthi, Ganta"]
[Result "1/2-1/2"]
[BlackTitle "WFM"]
[WhiteElo "1744"]
[BlackElo "1987"]
[WhiteFideId "25181971"]
[BlackFideId "25626280"]
[EventDate "2024.06.02"]

1. d4 d5 2. c4 e6 3. Nf3 c6 4. g3 dxc4 5. Bg2 b5 6. O-O Nd7 7. a4 Bb7 8. Nc3 a6
9. Ne5 Nxe5 10. dxe5 Qc7 11. axb5 cxb5 12. Nxb5 axb5 13. Rxa8+ Bxa8 14. Bxa8 Bc5
15. b3 Ne7 16. bxc4 O-O 17. Be4 bxc4 18. Qc2 h6 19. Bb2 Rc8 20. Rc1 Bb6 21. Qd1
Qa7 22. Kg2 Rd8 23. Qe1 Qa4 24. Qc3 Rc8 25. Bb7 Rb8 26. Be4 Rc8 27. Bb7 Rb8 28.
Be4 Rc8 29. Bb7 1/2-1/2

[Event "40th World Junior Girls"]
[Site "Gandhinagar IND"]
[Date "2024.06.09"]
[Round "7.21"]
[White "Gunawardhana, Devindya Oshini"]
[Black "Yashvi Jain"]
[Result "1-0"]
[WhiteTitle "WFM"]
[WhiteElo "1980"]
[BlackElo "1729"]
[WhiteFideId "29941482"]
[BlackFideId "25984446"]
[EventDate "2024.06.02"]

1. e4 e5 2. Nf3 Nc6 3. Bb5 a6 4. Ba4 Nf6 5. d3 b5 6. Bb3 Bc5 7. Nc3 h6 8. Nd5
O-O 9. c3 Re8 10. h3 Rb8 11. Be3 Bf8 12. g4 Nxd5 13. Bxd5 Ne7 14. Bb3 Ng6 15. g5
d6 16. gxh6 gxh6 17. h4 Qf6 18. h5 Nf4 19. Nh4 Kh7 20. Qd2 Be7 21. O-O-O Rg8 22.
d4 c5 23. Bxf4 exf4 24. e5 dxe5 25. dxe5 Qg7 26. e6 Bxh4 27. exf7 Rd8 28. Qxd8
Bxd8 29. Rxd8 Bb7 30. Bc2+ Be4 31. Bxe4+ 1-0

[Event "40th World Junior Girls"]
[Site "Gandhinagar IND"]
[Date "2024.06.09"]
[Round "7.22"]
[White "Advika Sarupria"]
[Black "Shubhi Gupta"]
[Result "0-1"]
[BlackTitle "WFM"]
[WhiteElo "1587"]
[BlackElo "1943"]
[WhiteFideId "25968858"]
[BlackFideId "25195425"]
[EventDate "2024.06.02"]

1. d4 d6 2. e4 Nf6 3. Bd3 e5 4. d5 c6 5. c4 Be7 6. Nc3 Nbd7 7. Nge2 O-O 8. O-O
a5 9. Be3 Ng4 10. Bd2 Bg5 11. h3 Nh6 12. Qc1 f6 13. a3 a4 14. Bc2 Nc5 15. Qd1
cxd5 16. Nxd5 Bd7 17. Bb4 f5 18. Bxc5 dxc5 19. Nec3 f4 20. f3 Ra6 21. Qe2 Rg6
22. Kh1 Bh4 23. Rad1 Qc8 24. Bxa4 Be6 25. Qf2 Rg3 0-1

[Event "40th World Junior Girls"]
[Site "Gandhinagar IND"]
[Date "2024.06.09"]
[Round "7.23"]
[White "Kurmangaliyeva, Liya"]
[Black "Shivamshika G"]
[Result "1-0"]
[WhiteTitle "FM"]
[WhiteElo "2282"]
[BlackElo "1846"]
[WhiteFideId "13725831"]
[BlackFideId "33384959"]
[EventDate "2024.06.02"]

1. d4 d5 2. Nf3 Nf6 3. c4 c6 4. Qc2 dxc4 5. e4 b5 6. b3 cxb3 7. axb3 g6 8. Nc3
Bg7 9. e5 Nd5 10. Nxd5 Qxd5 11. Bd3 Bb7 12. Ba3 Qd8 13. h4 Na6 14. h5 Nc7 15.
Rh4 Ne6 16. h6 Bf8 17. Kf1 g5 18. Rg4 Bxh6 19. Rd1 Qb6 20. Bf5 b4 21. Bc1 Nf4
22. Kg1 Bc8 23. Bxc8 Rxc8 24. Bxf4 gxf4 25. Qf5 Kd8 26. Qxf7 Bf8 27. d5 cxd5 28.
Qxd5+ Kc7 29. e6 Bh6 30. Ne5 Qd6 31. Qc4+ Kb8 32. Qb5+ 1-0